[Event "25th Czech Open A 2014"]
[Site "Pardubice CZE"]
[Date "2014.07.23"]
[Round "6.79"]
[White "Novotny, Michal"]
[Black "Folkova, Martina"]
[Result "1/2-1/2"]
[WhiteTitle "FM"]
[BlackTitle "WFM"]
[WhiteElo "2354"]
[BlackElo "2188"]
[WhiteFideId "310980"]
[BlackFideId "304271"]
[EventDate "2014.07.18"]

1. e4 g6 2. d4 c6 3. Nc3 d5 4. h3 Bg7 5. Nf3 dxe4 6. Nxe4 Nd7 7. Be2 Ngf6 8.
Nxf6+ Nxf6 9. O-O O-O 10. Re1 Qc7 11. c3 b6 12. Ne5 Bb7 13. Bf3 e6 14. Bf4 Qc8
15. Nc4 Ba6 16. Nd6 Qd7 17. Qa4 Bb5 18. Nxb5 cxb5 19. Qa6 Nd5 20. Bg3 Rad8 21.
a3 f5 22. Be5 g5 23. Bxg7 Kxg7 24. Re5 g4 25. hxg4 fxg4 26. Bxg4 Rf6 27. Rae1
Nf4 28. Qxb5 Qb7 29. R5e4 Rd5 30. Qe8 Rg5 31. f3 h5 32. Rxe6 Nxe6 33. Rxe6 Rxe6
34. Bxe6 Qc7 35. Qd7+ Qxd7 36. Bxd7 a5 37. Kf2 Kf6 38. Bh3 Ke7 39. Ke3 a4 40. c4
Kd6 41. g4 hxg4 42. fxg4 Rg7 43. Kf4 Rh7 44. Bg2 Rc7 45. g5 Rxc4 46. g6 Rxd4+ 1/2-1/2

[Event "25th Czech Open A 2014"]
[Site "Pardubice CZE"]
[Date "2014.07.23"]
[Round "6.80"]
[White "Pulpan, Jakub"]
[Black "Hansen, Mads"]
[Result "1-0"]
[BlackTitle "FM"]
[WhiteElo "2218"]
[BlackElo "2350"]
[WhiteFideId "302759"]
[BlackFideId "1401610"]
[EventDate "2014.07.18"]

1. d4 Nf6 2. Nf3 e6 3. c4 a6 4. Nc3 c5 5. g3 cxd4 6. Nxd4 Qc7 7. Bg5 Bb4 8. Bxf6
gxf6 9. Qd3 d6 10. Bg2 Nd7 11. f4 Nb6 12. Nc2 Bxc3+ 13. Qxc3 Qxc4 14. Qxf6 Rg8
15. Ne3 Qc5 16. Kf2 Nc4 17. Qc3 d5 18. b3 Qxe3+ 19. Qxe3 Nxe3 20. Kxe3 Bd7 21.
Rac1 Bc6 22. Kd4 Ke7 23. Rhd1 Rgd8 24. Rd3 f6 25. Bf3 Rac8 26. Ke3 Kd6 27. Kd2
Bb5 28. Rxc8 Rxc8 29. Rc3 Re8 30. e3 a5 31. Be2 Bc6 32. Bd3 h5 33. Rc1 Rg8 34.
Rg1 b5 35. a3 b4 36. a4 Bd7 37. Be2 h4 38. g4 e5 39. g5 Bf5 40. Bg4 Ke6 41.
Bxf5+ Kxf5 42. gxf6 Rf8 43. Rg5+ Kxf6 44. Rxe5 Rc8 45. Rxd5 Rc3 46. Rd3 Rc8 47.
e4 Rg8 48. h3 1-0

[Event "25th Czech Open A 2014"]
[Site "Pardubice CZE"]
[Date "2014.07.23"]
[Round "6.81"]
[White "Vavra, Pavel1"]
[Black "Vokoun, Jan"]
[Result "0-1"]
[WhiteTitle "IM"]
[BlackTitle "FM"]
[WhiteElo "2342"]
[BlackElo "2195"]
[WhiteFideId "301841"]
[BlackFideId "301647"]
[EventDate "2014.07.18"]

1. e3 g6 2. c4 Nf6 3. b4 e5 4. Bb2 Bxb4 5. Bxe5 O-O 6. h4 Re8 7. Bb2 h5 8. Nc3
Nc6 9. Nd5 Nxd5 10. cxd5 Ne5 11. Qb3 a5 12. a3 Bf8 13. Qc3 Bg7 14. Qc2 c6 15.
Be2 cxd5 16. g4 d6 17. gxh5 Bf5 18. Qa4 Be4 19. Rh3 Nd3+ 20. Bxd3 Bxb2 21. Rb1
Bxd3 22. Rxb2 Rc8 23. Qd1 Re4 24. f4 Qf6 25. Rb3 Bc4 26. Rb1 Qxf4 27. Qf3 Qxf3
28. Nxf3 b5 29. hxg6 Rg4 30. gxf7+ Kxf7 31. Kf2 Kg6 32. Nd4 Rf8+ 33. Rf3 Rb8 34.
h5+ Kxh5 35. Nf5 Kg6 36. Ne7+ Kg7 37. Nc6 Rh8 38. Rg3 Rh2+ 0-1

[Event "25th Czech Open A 2014"]
[Site "Pardubice CZE"]
[Date "2014.07.23"]
[Round "6.82"]
[White "Miskulin, Dennis"]
[Black "Gheng, Josef"]
[Result "0-1"]
[BlackTitle "FM"]
[WhiteElo "2213"]
[BlackElo "2336"]
[WhiteFideId "1705520"]
[BlackFideId "4618041"]
[EventDate "2014.07.18"]

1. e4 c5 2. Nf3 d6 3. d4 Nf6 4. Nc3 cxd4 5. Nxd4 a6 6. Bg5 e6 7. f4 Be7 8. Qf3
Qc7 9. O-O-O Nbd7 10. g4 h6 11. Bxf6 Bxf6 12. h4 Be7 13. g5 hxg5 14. hxg5 Rxh1
15. Qxh1 g6 16. Qh8+ Nf8 17. Kb1 Bd7 18. Qg7 b5 19. a3 Rb8 20. Bh3 b4 21. axb4
Rxb4 22. Nb3 a5 23. f5 a4 24. Nc1 Qb7 25. Nd3 Rxb2+ 26. Nxb2 a3 27. Na4 Bxa4 28.
Qc3 Qxb2+ 29. Qxb2 axb2 30. f6 Bd8 31. Rxd6 Bb5 32. Rd4 Nd7 33. Rb4 Bc6 34. Bf1
Ba5 35. Rxb2 Bd2 36. Bb5 Bxb5 37. Rxb5 Kd8 38. c4 e5 39. Rb7 Kc8 40. Ra7 Be3 41.
Ra8+ Nb8 42. Kc2 Bxg5 43. Ra7 Nd7 44. Kb3 Be3 45. Ra8+ Kc7 46. Kb4 Nxf6 47. Ra3
Bd2+ 48. Kb5 Nxe4 49. Ra7+ Kd6 50. Rxf7 Be3 51. Rg7 g5 52. Rg6+ Ke7 53. Kc6 Kf7
54. Rh6 Bd4 55. Rh2 g4 56. Rg2 g3 57. Kd5 Nf6+ 58. Kc6 Bf2 59. Kd6 e4 60. c5 e3 0-1

[Event "25th Czech Open A 2014"]
[Site "Pardubice CZE"]
[Date "2014.07.23"]
[Round "6.83"]
[White "Amerkeshev, Madiyar"]
[Black "Dorst, Johannes"]
[Result "1-0"]
[WhiteElo "2211"]
[BlackElo "2299"]
[WhiteFideId "13704222"]
[BlackFideId "4650433"]
[EventDate "2014.07.18"]

1. d4 Nf6 2. Bg5 c5 3. d5 Qb6 4. Bc1 g6 5. Nc3 Bg7 6. e4 d6 7. Be2 O-O 8. Nf3 e6
9. Nd2 exd5 10. exd5 Re8 11. O-O Qd8 12. h3 Nbd7 13. a4 b6 14. Nc4 Ne5 15. Ne3
g5 16. f4 gxf4 17. Rxf4 Ng6 18. Rf1 Ne4 19. Nxe4 Rxe4 20. Bd3 Rf4 21. Bf5 Qf6
22. Bxc8 Rxc8 23. c3 Re8 24. Bd2 Rxf1+ 25. Qxf1 Qg5 26. Re1 Nf4 27. Ng4 Rxe1 28.
Qxe1 h5 29. Qe8+ Bf8 30. Bxf4 Qxf4 31. Ne3 Kh7 32. Nf1 Bh6 33. Qd7 Kg7 34. Qb5
Qe4 35. Qb3 Qd3 36. Qb5 Qxd5 37. Qe2 Bf4 38. g3 Bg5 39. h4 Bc1 40. Qe1 Bh6 41.
Qe2 Qf5 42. Nh2 Qh3 43. Qf3 Bc1 44. b3 Bb2 45. Nf1 Qg4 46. Qd3 d5 47. Qd2 Ba3
48. Qxd5 Bc1 49. Qe5+ Kg6 50. Qe1 Bh6 51. Qb1+ Kf6 52. Qd3 Qe6 53. c4 Ke7 54.
Qf3 Qe5 55. Kg2 Kf8 56. Nh2 Kg7 57. g4 Bf4 58. Nf1 hxg4 59. Qxg4+ Kh6 60. Kf3
Bc1 61. Ng3 Qf6+ 62. Kg2 Kh7 63. Qf5+ Qxf5 64. Nxf5 Kg6 65. Nd6 Kh5 66. Nxf7
Kxh4 67. Kf3 Kh5 68. Ke4 Kg6 69. Nd6 Kf6 70. Kd5 Ke7 71. Kc6 Kd8 72. Kb7 Bd2 73.
Nc8 1-0

[Event "25th Czech Open A 2014"]
[Site "Pardubice CZE"]
[Date "2014.07.23"]
[Round "6.84"]
[White "Jacko, Vladimir2"]
[Black "Lomasov, Semen"]
[Result "1/2-1/2"]
[WhiteTitle "FM"]
[WhiteElo "2296"]
[BlackElo "2182"]
[WhiteFideId "14915928"]
[BlackFideId "24164879"]
[EventDate "2014.07.18"]

1. e4 e6 2. d4 d5 3. Bd3 c5 4. exd5 exd5 5. Nf3 Nc6 6. O-O c4 7. Be2 Nf6 8. b3
cxb3 9. axb3 Be7 10. c4 O-O 11. Nc3 Be6 12. Bf4 Rc8 13. h3 h6 14. Bh2 Bb4 15.
Na2 Ne4 16. c5 Ba5 17. Bd3 Qf6 18. b4 Nxb4 19. Nxb4 Bxb4 20. Rxa7 Bc3 21. Rxb7
Rfd8 22. Bc2 Bf5 23. Rb3 Ba5 24. Ne5 Nd2 25. Rb7 Bxc2 26. Qxc2 Qa6 27. Rfb1 Nxb1
28. Qxb1 Rc7 29. Rb3 Re7 30. Qa2 Rb7 31. Bf4 Rxb3 32. Qxb3 Bc7 33. Kh2 Bxe5 34.
Bxe5 Qe6 35. Qb6 Rc8 36. Bd6 Kh7 37. Qb7 Rd8 38. f4 Qe4 39. Qxf7 Ra8 40. Be5 Qg6
41. Qxd5 Ra3 42. f5 Qxf5 43. c6 Rc3 44. Qd7 Rxh3+ 45. gxh3 Qf2+ 1/2-1/2

[Event "25th Czech Open A 2014"]
[Site "Pardubice CZE"]
[Date "2014.07.23"]
[Round "6.85"]
[White "Travkina, Anastasia"]
[Black "Chudinovskikh, Alexander M"]
[Result "1-0"]
[WhiteTitle "WFM"]
[BlackTitle "IM"]
[WhiteElo "2200"]
[BlackElo "2293"]
[WhiteFideId "24129151"]
[BlackFideId "4106083"]
[EventDate "2014.07.18"]

1. e4 e5 2. Nf3 Nc6 3. Bb5 a6 4. Ba4 Nf6 5. O-O Be7 6. d3 d6 7. c3 O-O 8. Re1 h6
9. h3 Re8 10. Nbd2 Bf8 11. Bc2 g6 12. a4 Bg7 13. Nc4 d5 14. Ne3 Be6 15. a5 b5
16. axb6 cxb6 17. Nd2 d4 18. Nef1 Nd7 19. Nb3 Nc5 20. Nxc5 bxc5 21. Ba4 Qb6 22.
Nd2 Red8 23. Bxc6 Qxc6 24. c4 Bd7 25. Nb3 Rab8 26. Bd2 f5 27. f3 f4 28. Ra5 Bf8
29. Qc2 Bc8 30. Rb1 Rd7 31. Nc1 Bd6 32. Na2 Rdb7 33. b4 Be6 34. Nc1 cxb4 35. Qa2
Rb6 36. Nb3 Bc7 37. c5 Rb5 38. Rxa6 Qd7 39. Qc2 Qf7 40. Ra7 g5 41. Kf2 h5 42.
Ra2 g4 43. hxg4 hxg4 44. Rab2 Qh5 45. fxg4 Qxg4 46. Be1 Rf8 47. Nd2 Bd8 48. Nf3
b3 49. Qc1 Bh4+ 50. Nxh4 Qxh4+ 51. Kg1 Qe7 52. Qd1 Qxc5 53. Qh5 Rf6 54. Qe8+ Kh7
55. g4 fxg3 56. Bxg3 Rh6 57. Rf2 Rb7 58. Rf8 Rg6 59. Kh1 Qe7 60. Rh8+ Kg7 61.
Bxe5+ 1-0

[Event "25th Czech Open A 2014"]
[Site "Pardubice CZE"]
[Date "2014.07.23"]
[Round "6.86"]
[White "Mueer, Sebastian"]
[Black "Sochacki, Wojtek"]
[Result "0-1"]
[BlackTitle "FM"]
[WhiteElo "2198"]
[BlackElo "2281"]
[WhiteFideId "24622001"]
[BlackFideId "651389"]
[EventDate "2014.07.18"]

1. e4 c5 2. c3 Nf6 3. e5 Nd5 4. d4 cxd4 5. Nf3 Nc6 6. Bc4 Nb6 7. Bb3 d5 8. exd6
Qxd6 9. O-O Be6 10. Na3 Bxb3 11. Qxb3 e6 12. Nb5 Qb8 13. g3 Bd6 14. cxd4 O-O 15.
Ng5 Nd5 16. Qd3 Nf6 17. Re1 a6 18. Nc3 Nb4 19. Qb1 h6 20. Nge4 Nbd5 21. Qd3 Nxe4
22. Rxe4 Qc7 23. Bd2 Nf6 24. Rh4 Rfd8 25. Qf3 Qc6 26. Qe2 b5 27. Rc1 Qb7 28. Be3
Rac8 29. a3 Rc4 30. Qd2 Bf8 31. Rf4 Be7 32. Qe2 Rdc8 33. Rd1 a5 34. d5 Rxf4 35.
Bxf4 Nxd5 36. Nxd5 exd5 37. Qg4 Rc4 38. b3 Re4 39. Qf5 Bxa3 40. f3 Re2 41. Kf1
Rxh2 42. Kg1 Re2 43. Kf1 Ra2 44. Re1 Qc6 45. b4 axb4 46. Bd6 b3 47. Bxa3 Rxa3
48. Qd3 Ra8 49. Kg1 Qg6 50. Qxd5 Qxg3+ 51. Kf1 Ra2 52. Re8+ Kh7 53. Qd3+ Qg6 0-1

[Event "25th Czech Open A 2014"]
[Site "Pardubice CZE"]
[Date "2014.07.23"]
[Round "6.87"]
[White "Bystrov, Sergej M."]
[Black "Seegert, Kristian"]
[Result "1/2-1/2"]
[WhiteTitle "IM"]
[WhiteElo "2280"]
[BlackElo "2178"]
[WhiteFideId "4118561"]
[BlackFideId "1405098"]
[EventDate "2014.07.18"]

1. d4 f5 2. g3 Nf6 3. Bg2 g6 4. Nh3 Bg7 5. Nf4 d6 6. d5 c6 7. Nc3 O-O 8. h4 Ng4
9. O-O Bd7 10. e4 Qb6 11. Nce2 Na6 12. a4 fxe4 13. Bxe4 Nc5 14. a5 Qc7 15. Bg2
e5 16. dxe6 Nxe6 17. Nxe6 Bxe6 18. Nd4 Bd7 19. Bf4 Rxf4 20. gxf4 d5 21. c3 Qxf4
22. Nf3 Ne5 23. Nxe5 Bxe5 24. Re1 Qh2+ 25. Kf1 Bh3 26. Bxh3 Qxh3+ 27. Ke2 Re8
28. Kd2 Qf5 29. Re2 Bf4+ 30. Ke1 Rf8 31. Ra4 Qg4 32. Rxf4 Qxf4 33. h5 gxh5 34.
Qc2 Rf7 35. Re3 h4 36. Qe2 Qf5 37. Re8+ Kg7 38. Qe5+ Qxe5+ 39. Rxe5 Kg6 40. Kf1
Rf5 41. Re7 Rf7 42. Re5 Rg7 43. Re3 Kf5 44. Rf3+ Kg4 45. Kg2 Re7 46. Rd3 Rf7 47.
f3+ Kg5 48. Re3 Kf4 49. Rd3 Rg7+ 50. Kf2 h3 51. Rd4+ Kf5 52. Rh4 Rg2+ 53. Ke3 h2
54. Rxh7 Rxb2 55. Rh5+ Kg6 56. Rh8 c5 57. Rh4 Rb3 58. Rxh2 Rxc3+ 59. Kf4 c4 60.
Rd2 Rd3 61. Rb2 Rb3 62. Rg2+ Kf6 63. Rg8 Rb5 64. a6 bxa6 65. Rc8 Rb6 66. Ke3
Rb3+ 67. Kf4 Rd3 68. Rc6+ Ke7 69. Ke5 c3 70. f4 d4 71. f5 Rd2 72. f6+ Kf7 73.
Rc7+ Kg6 74. Rg7+ Kh6 75. Rg1 d3 76. f7 Rf2 77. Kd4 Rxf7 78. Kxd3 Rc7 79. Kc2 a5
80. Rg3 a4 81. Rxc3 Rxc3+ 82. Kxc3 Kg5 83. Kb4 Kf5 84. Kxa4 Ke5 85. Ka5 Kd6 86.
Ka6 Kc6 87. Kxa7 1/2-1/2

[Event "25th Czech Open A 2014"]
[Site "Pardubice CZE"]
[Date "2014.07.23"]
[Round "6.88"]
[White "Wittmann, Walter"]
[Black "Lobanov, Sergei"]
[Result "0-1"]
[WhiteTitle "IM"]
[WhiteElo "2196"]
[BlackElo "2277"]
[WhiteFideId "1600060"]
[BlackFideId "24183750"]
[EventDate "2014.07.18"]

1. e4 c5 2. Nf3 d6 3. Nc3 Nc6 4. d4 cxd4 5. Nxd4 Nf6 6. Bc4 e6 7. Bb3 Be7 8. Be3
O-O 9. O-O Nxd4 10. Bxd4 b5 11. a3 Bb7 12. f3 a6 13. Qe2 Qc7 14. Rad1 Rac8 15.
Rfe1 Nd7 16. Qf2 Ne5 17. Qg3 g6 18. Ne2 Nc4 19. Rd3 e5 20. Bc3 a5 21. Bxc4 bxc4
22. Rdd1 f5 23. f4 Qc5+ 24. Kh1 Bxe4 25. fxe5 dxe5 26. Bxe5 Rfd8 27. Bd4 Qc7 28.
Be5 Qb7 29. Nf4 Qc6 30. c3 Kf7 31. Qh3 h5 32. Qg3 h4 33. Qe3 g5 34. Bd4 gxf4 35.
Qxf4 Rg8 36. Rd2 Bxg2+ 0-1

[Event "25th Czech Open A 2014"]
[Site "Pardubice CZE"]
[Date "2014.07.23"]
[Round "6.89"]
[White "Podvin, Francois-xavier"]
[Black "Srienz, Christian"]
[Result "1/2-1/2"]
[BlackTitle "FM"]
[WhiteElo "2167"]
[BlackElo "2267"]
[WhiteFideId "677540"]
[BlackFideId "1603175"]
[EventDate "2014.07.18"]

1. e4 c5 2. Nf3 Nc6 3. d4 cxd4 4. Nxd4 e5 5. Nb5 d6 6. N1c3 a6 7. Na3 b5 8. Nd5
Nge7 9. c4 Nd4 10. Be3 Nxd5 11. cxd5 Be7 12. Bd3 O-O 13. O-O f5 14. Bxd4 exd4
15. exf5 Bxf5 16. Nc2 Bxd3 17. Qxd3 Bf6 18. Nxd4 Qb6 19. Rad1 Rfc8 20. Nc6 Rf8
21. Rd2 Rae8 22. g3 g6 23. Re2 Qc5 24. Rc2 Qb6 25. Kg2 Bg7 26. Re2 Qc5 27. Ne7+
Kh8 28. f4 Qc4 29. Qxc4 bxc4 30. Rfe1 Rb8 31. Rc1 Rxb2 32. Rxb2 Bxb2 33. Rxc4
Rf7 34. Nc8 Rf5 35. Ne7 Rf7 36. Nc8 Rf5 37. Nb6 a5 38. Rc8+ Kg7 39. Rc7+ Kg8 40.
Rc8+ Kg7 41. Rc7+ Kg8 42. Nc8 Bf6 43. Nxd6 Rxd5 44. Ne4 Bd8 45. Ra7 Rd3 46. Rb7
h5 47. Rb2 Re3 48. Nd6 Bf6 49. Rc2 Rd3 50. Ne4 Be7 51. Nd2 Bb4 52. Nf3 Bc3 53.
Kf2 Bd4+ 54. Nxd4 Rxd4 55. Ke3 Ra4 56. Kd3 h4 57. Ke3 hxg3 58. hxg3 Ra3+ 59. Kf2
Kf7 60. Kg2 g5 61. fxg5 1/2-1/2

[Event "25th Czech Open A 2014"]
[Site "Pardubice CZE"]
[Date "2014.07.23"]
[Round "6.90"]
[White "Meissner, Felix"]
[Black "Pershin, Denis"]
[Result "1/2-1/2"]
[WhiteTitle "FM"]
[WhiteElo "2263"]
[BlackElo "2171"]
[WhiteFideId "24671827"]
[BlackFideId "24165506"]
[EventDate "2014.07.18"]

1. e4 c5 2. Nf3 Nc6 3. Bb5 g6 4. Bxc6 dxc6 5. d3 Bg7 6. h3 e5 7. Be3 Qe7 8. a3
Nf6 9. Qd2 Be6 10. Bh6 Bxh6 11. Qxh6 Nd7 12. Nc3 O-O-O 13. Qe3 Kb8 14. Nd2 g5
15. O-O-O Nb6 16. Qg3 f6 17. h4 h6 18. Qe3 c4 19. dxc4 Nxc4 20. Nxc4 Bxc4 21.
Rxd8+ Rxd8 22. hxg5 hxg5 23. g3 Qd6 24. Rd1 1/2-1/2

[Event "25th Czech Open A 2014"]
[Site "Pardubice CZE"]
[Date "2014.07.23"]
[Round "6.91"]
[White "Moravec, Vit"]
[Black "Sanders, Isaac B"]
[Result "1/2-1/2"]
[WhiteElo "2188"]
[BlackElo "2262"]
[WhiteFideId "331481"]
[BlackFideId "417661"]
[EventDate "2014.07.18"]

1. c4 e5 2. Nc3 Nc6 3. Nf3 f5 4. d4 e4 5. Ng5 Nf6 6. e3 Be7 7. Be2 O-O 8. Nh3
Kh8 9. Nf4 Bd6 10. g3 Bxf4 11. gxf4 d5 12. b3 Be6 13. Ba3 Re8 14. Qc2 a5 15. Na4
Bf7 16. O-O-O dxc4 17. Bxc4 Bxc4 18. Qxc4 Ne7 19. Bxe7 Qxe7 20. Kb2 Red8 21.
Rhg1 b6 22. Rc1 Nd5 23. a3 Rab8 24. Nc3 Nxc3 25. Qxc3 c5 26. Rgd1 cxd4 27. Rxd4
h6 28. Rcd1 Rbc8 29. Rxd8+ Rxd8 30. Rxd8+ Qxd8 31. a4 Kh7 32. Qd4 Qh4 33. Qxb6
Qxf2+ 34. Kc3 Qe2 35. Kd4 Qxh2 36. Qxa5 Qe2 37. Qxf5+ Kg8 38. Qxe4 h5 39. Qe8+
Kh7 40. Qe4+ Kg8 41. Qd5+ Kh7 42. a5 h4 43. Qg5 Qd2+ 44. Ke4 Qc2+ 45. Kf3 Qd1+
46. Kg2 Qe2+ 47. Kh3 Qxe3+ 48. Kxh4 Qe1+ 49. Kh5 Qe2+ 50. Qg4 g6+ 51. Kh4 Qh2+
52. Kg5 Qh6+ 53. Kf6 Qf8+ 54. Ke5 Qc5+ 55. Ke4 Qb4+ 56. Kf3 Qxb3+ 57. Kg2 Qa2+ 1/2-1/2

[Event "25th Czech Open A 2014"]
[Site "Pardubice CZE"]
[Date "2014.07.23"]
[Round "6.92"]
[White "Muter, Donny"]
[Black "Cuhra, Martin"]
[Result "1/2-1/2"]
[WhiteElo "2181"]
[BlackElo "2251"]
[WhiteFideId "409170"]
[BlackFideId "327735"]
[EventDate "2014.07.18"]

1. d4 Nf6 2. Nf3 e6 3. Bg5 Be7 4. Nbd2 c5 5. e3 b6 6. Bd3 Bb7 7. O-O d6 8. c3
O-O 9. e4 Nc6 10. a3 Qc7 11. Qe2 e5 12. Rac1 Rad8 13. b4 Rfe8 14. Bb5 Nd7 15.
dxc5 dxc5 16. Bc4 Nf8 17. Rfe1 Bc8 18. Nf1 Ne6 19. Bxe7 Nxe7 20. g3 Kh8 21. Ne3
f6 22. h4 g6 23. h5 Rf8 24. Rcd1 cxb4 25. axb4 Rxd1 26. Rxd1 gxh5 27. Nd5 Qb7
28. Nh4 Ng5 29. Qxh5 Kg7 30. Qe2 Ng6 31. Nf5+ Bxf5 32. exf5 Ne7 33. f4 Nf7 34.
Qg4+ Kh8 35. Nxf6 Nh6 36. Qh4 Nexf5 37. Rd7 Nxh4 38. Rxb7 Rxf6 39. gxh4 Rxf4 40.
Bd5 Rxh4 41. Rxa7 Nf5 42. Rb7 Rg4+ 43. Kf2 Rg6 44. Rf7 Nd6 45. Re7 e4 46. c4
Rf6+ 1/2-1/2

[Event "25th Czech Open A 2014"]
[Site "Pardubice CZE"]
[Date "2014.07.24"]
[Round "7.1"]
[White "Poetsch, Hagen"]
[Black "Arun Prasad, S."]
[Result "1-0"]
[WhiteTitle "IM"]
[BlackTitle "GM"]
[WhiteElo "2477"]
[BlackElo "2472"]
[WhiteFideId "24615137"]
[BlackFideId "5011167"]
[EventDate "2014.07.18"]

1. e4 e5 2. Nf3 Nc6 3. Bc4 Nf6 4. Ng5 d5 5. exd5 Na5 6. Bb5+ c6 7. dxc6 bxc6 8.
Bd3 Nd5 9. h4 Nf4 10. Bf1 Bc5 11. g3 Nd5 12. Qh5 Qe7 13. Bg2 h6 14. Ne4 Bb6 15.
O-O O-O 16. b3 Bb7 17. Bh3 Bc8 18. Ba3 c5 19. Bxc8 Raxc8 20. d4 Nb4 21. dxc5
Nxc2 22. cxb6 Nxa3 23. Nxa3 Qxa3 24. Qxe5 axb6 25. Qd6 Qxd6 26. Nxd6 Rc6 27. Nf5
Rc2 28. Ne3 Rd2 29. Rfd1 Rb2 30. Rdb1 Rxb1+ 31. Rxb1 b5 32. Rc1 Nb7 33. Rc6 Rd8
34. Rb6 Nd6 35. Nd5 Kf8 36. Kg2 f5 37. h5 Kf7 38. Nc3 Ke7 39. Kf3 1-0

[Event "25th Czech Open A 2014"]
[Site "Pardubice CZE"]
[Date "2014.07.24"]
[Round "7.2"]
[White "Nisipeanu, Liviu-Dieter"]
[Black "Haba, Petr"]
[Result "1-0"]
[WhiteTitle "GM"]
[BlackTitle "GM"]
[WhiteElo "2686"]
[BlackElo "2502"]
[WhiteFideId "1202758"]
[BlackFideId "300160"]
[EventDate "2014.07.18"]

1. d4 d5 2. Nf3 Nf6 3. c4 c6 4. e3 Bf5 5. Nc3 e6 6. Nh4 Be4 7. f3 Bg6 8. Qb3 Qc7
9. Bd2 Be7 10. g3 Bh5 11. Be2 g5 12. Ng2 Bg6 13. O-O Nbd7 14. cxd5 cxd5 15. Rac1
Qb6 16. Qxb6 axb6 17. e4 h6 18. exd5 Nxd5 19. Nxd5 exd5 20. Rc7 Kd8 21. Rfc1 Rb8
22. Bb5 Nf8 23. Ne3 Bd6 24. Nxd5 Bxc7 25. Bb4 Nd7 26. Be7+ Ke8 27. Re1 f5 1-0

[Event "25th Czech Open A 2014"]
[Site "Pardubice CZE"]
[Date "2014.07.24"]
[Round "7.3"]
[White "Vorobiov, Evgeny E."]
[Black "Venkatesh, M.R."]
[Result "1/2-1/2"]
[WhiteTitle "GM"]
[BlackTitle "GM"]
[WhiteElo "2591"]
[BlackElo "2498"]
[WhiteFideId "4121341"]
[BlackFideId "5005779"]
[EventDate "2014.07.18"]

1. d4 d5 2. c4 Nc6 3. Nc3 dxc4 4. d5 Ne5 5. Qd4 Ng6 6. Qxc4 Nf6 7. e4 a6 8. Qb3
b6 9. Nf3 e5 10. dxe6 Bxe6 11. Bc4 Bxc4 12. Qxc4 Bd6 13. Qc6+ Nd7 14. Bg5 Qc8
15. e5 Bxe5 16. O-O-O Bd6 17. Rhe1+ Kf8 18. Ne4 h6 19. Be3 Nde5 20. Nxe5 Nxe5
21. Qd5 Kg8 22. Bd4 Ng6 23. Nxd6 cxd6+ 24. Kb1 b5 25. Rc1 Qf8 26. Qf5 Qd8 27. f4
h5 28. g3 Rh6 29. Qe4 d5 30. Qd3 Ne7 31. Re5 Qd7 32. Bc5 Nc6 33. Rxd5 Qe8 34.
Rd1 h4 35. gxh4 Rxh4 36. Rg1 Rh6 37. Rdg5 g6 38. Rd5 Rd8 39. f5 Rxd5 40. Qxd5
Kh7 41. fxg6+ Rxg6 42. Rf1 Kg8 43. a3 Qe6 44. Qxe6 Rxe6 45. Rd1 Re5 46. Bb6 f5
47. Rd6 Re1+ 48. Kc2 Ne5 49. Bd4 Nc4 50. Rxa6 Re2+ 51. Kb3 Rxh2 52. Bc3 Ne3 53.
Rf6 Rh5 54. Re6 f4 55. Re5 Rxe5 56. Bxe5 f3 57. Bg3 Nd1 58. Kb4 Nxb2 59. Kxb5
Kf7 60. a4 Nxa4 1/2-1/2

[Event "25th Czech Open A 2014"]
[Site "Pardubice CZE"]
[Date "2014.07.24"]
[Round "7.4"]
[White "Vajda, Levente"]
[Black "Pavlidis, Antonios"]
[Result "0-1"]
[WhiteTitle "GM"]
[BlackTitle "IM"]
[WhiteElo "2569"]
[BlackElo "2479"]
[WhiteFideId "1203975"]
[BlackFideId "4212312"]
[EventDate "2014.07.18"]

1. e4 e5 2. Nf3 Nc6 3. Bc4 Nf6 4. d3 Be7 5. Qe2 d6 6. c3 O-O 7. Bb3 Na5 8. Bc2
c5 9. Nbd2 Nc6 10. h3 Re8 11. g4 d5 12. Nf1 b5 13. Ng3 Be6 14. Nf5 c4 15. Nxe7+
Qxe7 16. Ng5 d4 17. Nxe6 Qxe6 18. dxc4 bxc4 19. Ba4 Nd7 20. O-O Nb6 21. Bd1 Red8
22. Kg2 Nd7 23. Ba4 Nb6 24. Bd1 Nd7 25. Ba4 Rab8 26. cxd4 exd4 27. Bf4 Rb4 28.
Bxc6 Qxc6 29. Rac1 Nc5 30. a3 Ne6 31. Be5 Rb5 32. f4 f6 33. Rxc4 Qb6 34. b4 0-1

[Event "25th Czech Open A 2014"]
[Site "Pardubice CZE"]
[Date "2014.07.24"]
[Round "7.5"]
[White "Belyakov, Bogdan"]
[Black "Kravtsiv, Martyn"]
[Result "1/2-1/2"]
[WhiteTitle "IM"]
[BlackTitle "GM"]
[WhiteElo "2456"]
[BlackElo "2569"]
[WhiteFideId "24104795"]
[BlackFideId "14113147"]
[EventDate "2014.07.18"]

1. e4 e5 2. Nf3 Nc6 3. Nc3 Nf6 4. d4 exd4 5. Nxd4 Bb4 6. Nxc6 bxc6 7. Bd3 O-O 8.
O-O d5 9. exd5 cxd5 10. Bg5 c6 11. Qf3 Rb8 12. Ne2 Bg4 13. Bxf6 Bxf3 14. Bxd8
Bxe2 15. Bxe2 Rfxd8 16. Rfd1 Re8 17. Bf3 Be7 1/2-1/2

[Event "25th Czech Open A 2014"]
[Site "Pardubice CZE"]
[Date "2014.07.24"]
[Round "7.6"]
[White "Yilmazyerli, Mert"]
[Black "Baryshpolets, Andrey"]
[Result "1/2-1/2"]
[WhiteTitle "FM"]
[BlackTitle "GM"]
[WhiteElo "2452"]
[BlackElo "2546"]
[WhiteFideId "6305962"]
[BlackFideId "14117207"]
[EventDate "2014.07.18"]

1. e4 e5 2. Nf3 Nc6 3. Bb5 Nf6 4. O-O Nxe4 5. d4 Nd6 6. dxe5 Nxb5 7. a4 d6 8. e6
fxe6 9. axb5 Nb4 10. Bd2 Nd5 11. Nc3 Nf6 12. Qe2 Be7 13. Ng5 Qd7 14. Rae1 h6 15.
Nxe6 Qxe6 16. Qxe6 Bxe6 17. Rxe6 Kd7 18. Ree1 a6 19. Ra1 axb5 20. Nxb5 Ne4 21.
Be3 c6 22. Nd4 Bf6 23. c3 c5 24. Ne2 Kc6 25. f3 Bg5 26. Bxg5 Nxg5 27. Nf4 Rhf8
28. Ng6 Rxa1 29. Rxa1 Re8 30. Kf2 d5 31. Re1 Rxe1 32. Kxe1 Ne6 33. Kd2 Kd6 34.
h4 b5 35. f4 d4 36. f5 dxc3+ 37. bxc3 Nd8 38. g4 Nf7 39. Nf4 Ne5 40. g5 Nf3+ 41.
Kc2 hxg5 42. hxg5 Nxg5 43. Nh5 Ke5 44. Nxg7 Ne4 45. Kb3 Nd2+ 46. Kc2 Ne4 47. Kb3
Kf6 48. Ne8+ Kxf5 49. Nc7 Nd6 50. Nxb5 Nxb5 51. Kc4 Nxc3 52. Kxc5 1/2-1/2

[Event "25th Czech Open A 2014"]
[Site "Pardubice CZE"]
[Date "2014.07.24"]
[Round "7.7"]
[White "Vokac, Marek"]
[Black "Stocek, Jiri"]
[Result "1/2-1/2"]
[WhiteTitle "GM"]
[BlackTitle "GM"]
[WhiteElo "2443"]
[BlackElo "2545"]
[WhiteFideId "300101"]
[BlackFideId "304760"]
[EventDate "2014.07.18"]

1. Nf3 Nf6 2. c4 e6 3. g3 a6 4. Bg2 b5 5. b3 c5 6. O-O Bb7 7. Bb2 Be7 8. d3 O-O
9. e4 d6 10. Nc3 Qb6 11. Re1 Nc6 12. Qd2 Nd7 13. Rab1 Bf6 14. Ne2 Bxb2 15. Rxb2
Nde5 16. Nh4 Qa5 17. Qxa5 Nxa5 18. Rd2 g5 19. Nf3 Nxf3+ 20. Bxf3 Nc6 21. e5 dxe5
22. cxb5 axb5 23. Nc3 b4 24. Na4 Na5 25. Bxb7 Nxb7 26. Rxe5 h6 27. f4 gxf4 28.
gxf4 Rac8 29. f5 exf5 30. Rg2+ Kh7 31. Rxf5 Rc6 32. Kf1 f6 33. Re2 Kg6 1/2-1/2